ARRUPE JESUIT UNIVERSITY

CORONAVIRUS -STOP THE SPREAD - CLEAN,DISINFECT,COVER

Exclusion and embrace (Record no. 121212)

MARC details
000 -LEADER
fixed length control field 00566nam a22001577a 4500
008 - FIXED-LENGTH DATA ELEMENTS--GENERAL INFORMATION
fixed length control field 141107b xxu||||| |||| 00| 0 eng d
020 ## - INTERNATIONAL STANDARD BOOK NUMBER
International Standard Book Number 0687002826
050 ## - LIBRARY OF CONGRESS CALL NUMBER
Classification number BV4509.5.V65 1996
100 ## - MAIN ENTRY--PERSONAL NAME
Personal name Volf Miroslav
9 (RLIN) 12529
245 ## - TITLE STATEMENT
Title Exclusion and embrace
Remainder of title a theological exploration of identity, otherness, and reconciliation
Statement of responsibility, etc Miroslav, Volf
260 ## - PUBLICATION, DISTRIBUTION, ETC. (IMPRINT)
Place of publication, distribution, etc Nashville
Name of publisher, distributor, etc Abingdon Press
Date of publication, distribution, etc 1996
300 ## - PHYSICAL DESCRIPTION
Extent 336p. ;
Dimensions 23cm.
650 ## - SUBJECT ADDED ENTRY--TOPICAL TERM
Topical term or geographic name as entry element Indentification
General subdivision (Religion)
9 (RLIN) 12530
650 ## - SUBJECT ADDED ENTRY--TOPICAL TERM
Topical term or geographic name as entry element Reconciliation
General subdivision Religious aspects - Christianity
9 (RLIN) 12531
942 ## - ADDED ENTRY ELEMENTS (KOHA)
Source of classification or shelving scheme Library of Congress Classification
Item type Monograph ( Printed materials)
Holdings
Withdrawn status Lost status Source of classification or shelving scheme Damaged status Not for loan Collection code Home library Current library Shelving location Date acquired Total Checkouts Full call number Barcode Date last seen Price effective from Koha item type
    Library of Congress Classification     Main Collection ARRUPE LIBRARY ARRUPE LIBRARY Main Collection 07/11/2014   BV4509.5.V65 1996 46500003680 24/01/2017 07/11/2014 Monograph ( Printed materials)

 

Arrupe Library. PO Box MP320 Mt Pleasant, Harare, Zimbabwe
263 242 745411|librarian@aju.ac.zw